Geography Quiz

Random Geography or State Quiz

Nicknames by State Multiple Choice Quiz Stats

 Plays Quiz Updated Oct 1, 2018

Also try: State by Motto
Challenge
Share
Tweet
Embed
Score 0/50 Timer 08:00
9 Plays Today
Question Answer Wrong Answers
The Aloha State Hawaii
91.5%
Arizona
0.4%
Oregon
0.3%
New Jersey
0.3%
The Empire State New York
91.1%
California
0.3%
Pennsylvania
0.6%
Connecticut
0.4%
The Lone Star State Texas
90.2%
Minnesota
0.7%
Kentucky
0.7%
Oklahoma
0.8%
The Golden State California
89.3%
Texas
0.8%
New York
1.5%
Alaska
0.9%
The Peach State Georgia
88.4%
Oklahoma
1.1%
Illinois
1%
North Carolina
1.7%
The Bluegrass State Kentucky
85.5%
Nebraska
2.9%
Iowa
1.9%
Maryland
1.9%
The Garden State New Jersey
85.2%
Hawaii
1.2%
New York
2.9%
Virginia
3%
The Last Frontier Alaska
84.6%
California
3.1%
Washington
2.7%
Maine
1.9%
The Pelican State Louisiana
83.5%
Nevada
1.6%
South Dakota
3.4%
Minnesota
3.7%
The Hoosier State Indiana
83.4%
Kentucky
3.3%
Tennessee
3%
Montana
2.6%
The Great Lakes State Michigan
82.3%
Ohio
1.8%
Pennsylvania
0.6%
Minnesota
7.7%
The Sooner State Oklahoma
82.3%
Oregon
3.1%
Alabama
3.3%
New Hampshire
3.5%
The Sunshine State Florida
82.2%
Hawaii
1.8%
California
8%
South Carolina
0.6%
The Buckeye State Ohio
80.9%
Iowa
6.9%
Utah
2.5%
Texas
2%
The Hawkeye State Iowa
80.1%
Maine
3.3%
New Hampshire
4.8%
Vermont
3.9%
The Badger State Wisconsin
80.1%
Ohio
5%
Indiana
4.5%
Tennessee
2.5%
The Volunteer State Tennessee
78.9%
Washington
2.7%
Rhode Island
5.3%
Connecticut
5.2%
The Land of Enchantment New Mexico
78.5%
Oklahoma
5.3%
Kentucky
3.1%
South Carolina
4.9%
The Show-Me State Missouri
78.5%
Colorado
2.7%
Nevada
6.7%
Michigan
4.4%
The Grand Canyon State Arizona
77.7%
Nevada
5%
Colorado
7.1%
Utah
2.7%
The Cornhusker State Nebraska
77.6%
Iowa
10.5%
Tennessee
1.9%
North Dakota
2%
The Beaver State Oregon
75.7%
New Hampshire
4.1%
Washington
4.4%
Minnesota
7.9%
Heart of Dixie Alabama
75.7%
Wyoming
2.7%
Texas
3.6%
Georgia
10.3%
The Tar Heel State North Carolina
73.2%
South Carolina
8.9%
North Dakota
6.6%
South Dakota
3.4%
The Sunflower State Kansas
73.2%
Florida
6.8%
Louisiana
5.9%
West Virginia
6.2%
The Keystone State Pennsylvania
72.1%
Arizona
6.3%
Kansas
6.1%
Rhode Island
7.4%
The Mount Rushmore State South Dakota
72%
North Dakota
15.2%
Colorado
2%
Montana
3.1%
The First State Delaware
71.6%
Alabama
1.1%
Virginia
10%
Massachusetts
9.6%
The Granite State New Hampshire
70.7%
Washington
7.7%
Delaware
6.5%
Indiana
7.1%
The Palmetto State South Carolina
70.4%
Georgia
5.3%
Mississippi
9%
Louisiana
7%
The Green Mountain State Vermont
70%
West Virginia
13.8%
Pennsylvania
2.9%
Kentucky
5.3%
The Old Dominion Virginia
69.3%
Pennsylvania
6.9%
Delaware
8.6%
Massachusetts
7%
The Silver State Nevada
67.2%
Utah
10%
Montana
8%
Idaho
6.6%
The Magnolia State Mississippi
64.3%
Georgia
14.1%
West Virginia
6%
Virginia
7.5%
The Bay State Massachusetts
64.3%
Texas
1.1%
Louisiana
9.2%
Rhode Island
17.4%
The Beehive State Utah
64%
Oregon
10.3%
West Virginia
9%
Illinois
8.6%
The Old Line State Maryland
61.4%
Tennessee
15.8%
Ohio
7.5%
Massachusetts
6.9%
The Ocean State Rhode Island
61.3%
Delaware
5.2%
Hawaii
22.1%
North Carolina
3.6%
The Treasure State Montana
60%
Arkansas
17.9%
Florida
6.6%
North Carolina
7.3%
The Evergreen State Washington
57.4%
Maine
14.8%
Indiana
1.8%
Oregon
18.1%
The Natural State Arkansas
54.7%
West Virginia
17.6%
Nevada
11.2%
Kentucky
8.3%
The Gem State Idaho
54.3%
Arkansas
27.2%
Alaska
6.9%
New York
3.4%
The Equality State Wyoming
53.2%
Washington
20%
Wisconsin
9.7%
West Virginia
8.8%
The Centennial State Colorado
52.5%
Delaware
19.3%
Hawaii
6.5%
Missouri
13.5%
The Pine Tree State Maine
49.8%
Washington
16.3%
Alaska
2.4%
Vermont
23.4%
The Peace Garden State North Dakota
46.6%
West Virginia
11.5%
Connecticut
18.6%
Maine
14.8%
The North Star State Minnesota
45.9%
North Dakota
15.4%
Texas
9.6%
Alaska
21.2%
The Mountain State West Virginia
45.6%
Alaska
3%
Colorado
42.7%
California
0.9%
The Constitution State Connecticut
42.7%
Delaware
15.5%
Pennsylvania
27.2%
Maryland
6.8%
The Prairie State Illinois
27.5%
Iowa
10.6%
Nebraska
18.1%
Kansas
36%

You're not logged in!

Compare scores with friends on all Sporcle quizzes.
OR
Log In

You Might Also Like...

Show Comments

Extras

Top Quizzes Today


Score Distribution

Your Account Isn't Verified!

In order to create a playlist on Sporcle, you need to verify the email address you used during registration. Go to your Sporcle Settings to finish the process.

Report this User

Report this user for behavior that violates our Community Guidelines.

Details: